Las clases medias en la estructura social:

Đã lưu trong:
Chi tiết về thư mục
Tác giả chính: Cañete, María Fernanda
Định dạng: Texto
Các nhãn: Thêm thẻ
Không có thẻ, Là người đầu tiên thẻ bản ghi này!

MARC

LEADER 00000 a a2200000 04500
001 47864
003
040
100 |a Cañete, María Fernanda  
245 |a Las clases medias en la estructura social:   |a apuntes para la discusión /  |c María Fernanda Cañete  
773 |g número74, (2008), páginas 91-101  
999 |c 38248  |d 38248